000 00358pam a2200157a 44500
008 230515b1995 xxu||||| |||| 00| 0 eng d
020 _aNULL
041 _aENG
082 _a618.2
100 _aDAWN
245 _aTEXT BOOK OF OBSTETRICS AND NEONATOLOGY
250 _a12TH
260 _aNULL
_b"DAWNS BOOK, ND,"
_c1995
300 _a634
650 _aN.D.
999 _c520440
_d520440